000 00276nam a2200097Ia 4500
001 695422
005 20250826161952.0
008 250824s9999 xx 000 0 und d
245 0 _aGORİOT BABA (ANTİK OKUL KLASİKLERİ)
_cHONORE DE BALZAC
260 _bANTİK DÜNYA KLASİKLERİ
999 _c695422
_d695422